000 00813nam a22002297a 4500
005 20140620122733.0
010 _aB-507720-753
020 _a8130403218
_c160.00
020 _a9788130403212
_c160.00
035 _aB-507720-753
037 _bUBH/Ven
082 _aS
100 _a Sam, Uncle
245 _aGrandma tell me a Story /
_cby Uncle Sam; edited by Shyam Dua; illustrated by Tulika
260 _aDelhi
_bTiny Tot Publications
_c2012
270 _a235, Jagriti Enclave , Vikas Marg
_bDelhi
_e110092
_k22167314, 22163582
_l91-11-22143023
_mtinytotpub@hotmail.com
300 _a160 p. :
_bcol. photos
_c25cm(Hb)
700 _aDua,Shyam
_954572
700 _aTulika
_954573
942 _2ddc
_cCH
_hS
_mSAM
999 _c85204
_d85204